| 000 | 00569nam a2200169Ia 4500 | ||
|---|---|---|---|
| 008 | 180921t2019 xxu||||| |||| 00| 0 sin d | ||
| 041 | _asin | ||
| 080 |
_a8-31 _bඑන් |
||
| 100 | _aඑන්, වූ චෙං | ||
| 245 | _aහිමි සොයා බටහිරට - 2 | ||
| 260 |
_bසරසවි _aනුගේගොඩ _c2019 |
||
| 300 | _aසෙ.මි.21, පි.505 | ||
| 700 |
_aසිරිල් චන්ද්රෙස්කර ගුණවර්ධන _eපරි. |
||
| 942 | _cBK | ||
| 999 |
_c12571 _d12571 |
||
| 003 | LK-CoDNM | ||
| 040 |
_aLK-CoDNM _dLK-CoDNM _eLK-CoDNM |
||